00495nam a2200109Ia 4500008004100000245013200041260000900173300008800182650002400270999001900294952007200313180130s9999 xx 000 0 und d cDonnay, Karsten; Filimonov, VladimiraViews to a war: systematic differences in media and military reporting of the war in Iraq c2016 aBook title: Knowledge discovery in databases--Acession number C20553; pages 163-191 aKNOWLEDGE DISCOVERY c354229d354229 001040aCLbCLd2018-01-30l0r2018-01-30 00:00:00w2018-01-30yBC